00495cam a2200169ua 4500001000400000008003900004040000900043082000800052245005300060250000900113260005800122300001700180653002200197653002700219700003800246700004100284638110411n ii |||gr||||Z||||||asm cMAIN a3521 aSthanio sawatya hakhoncby Mrigendra Narayan Das a3rd. aDibrugarh:bPathyaputhi prostuti homonyoi samiti,982. a300p:c20cm. aPolitical science aSthanio sayatro hakhon aDas, Mrigendra Narayan.,eAuthor. aBorgohain , Munindra Nath.,eAuthor.